| 000 | 00574cas a22002175a 4500 | ||
|---|---|---|---|
| 001 | L99037 | ||
| 008 | 070803d19681996xxkwr p 0 a0eng | ||
| 022 | 1 | _a0014-1259 | |
| 035 | _a(Sirsi) u99037 | ||
| 041 | 0 | _aeng | |
| 245 | 0 | 0 | _aEstates Times |
| 260 |
_aLondon _bMorgan-Grampian (Construction Press) Ltd _c1968-1996 |
||
| 362 | _aLondon: 1975-June 1996 | ||
| 362 | 0 | _aEdinburgh: January 1990-June 1996 | |
| 554 | _aOne per week | ||
| 651 | 4 |
_aUnited Kingdom _y |
|
| 690 | _aPROPERTY | ||
| 785 | 0 | 0 |
_tProperty Week _x0969-7594 |
| 942 | _n0 | ||
| 948 | _c04/02/1994 | ||
| 999 |
_c118625 _d118625 |
||